| 000 | 01767cam a2200349 a 4500 | ||
|---|---|---|---|
| 003 | EG-GiCUC | ||
| 005 | 20250223030925.0 | ||
| 008 | 140109s2013 ua dh f m 000 0 eng d | ||
| 040 |
_aEG-GiCUC _beng _cEG-GiCUC |
||
| 041 | 0 | _aeng | |
| 049 | _aDeposite | ||
| 097 | _aM.Sc | ||
| 099 | _aCai01.13.03.M.Sc.2013.Ha.L | ||
| 100 | 0 | _aHala Saad Aboelmakarem Abdelaziz | |
| 245 | 1 | 0 |
_aLanguage speech impairment rehabilitation using automatic speech recognition (ASR) technique / _cHala Saad Aboelmakarem Abdelaziz ; Supervised Ahmed M. Ragab Elbialy , Ahmed Hesham Kandil , Sahar Ali Fawzi |
| 246 | 1 | 5 | _aتأهيل المعاقين لغويا باستخدام تقنية التعرف على الكلام |
| 260 |
_aCairo : _bHala Saad Aboelmakarem Abdelaziz , _c2013 |
||
| 300 |
_a89 P. : _bcharts , facsimiles ; _c30cm |
||
| 502 | _aThesis (M.Sc.) - Cairo University - Faculty of Engineering - Department of System and Biomedical Engineering | ||
| 520 | _aThis study aims to develop rehabilitation systems with Egyptian Arabic accent. Those systems are running in two tracks. The first track is concerned with adult suffering from receptive dysphasia disorder and the second is concerned with children having language-speech delayed disord disorder and monitor their progress with the system using | ||
| 530 | _aIssued also as CD | ||
| 653 | 4 | _aAutomatic Speech Recognition (ASR) | |
| 653 | 4 | _aIsolated word recognition (IWR) | |
| 653 | 4 | _aVector Quantization(VQ) | |
| 700 | 0 |
_aAhmed Hesham Kandil , _eSupervisor |
|
| 700 | 0 |
_aAhmed Mohamed Ragab Elbialy , _eSupervisor |
|
| 700 | 0 |
_aSahar Ali Fawzi , _eSupervisor |
|
| 856 | _uhttp://172.23.153.220/th.pdf | ||
| 905 |
_aAml _eCataloger |
||
| 905 |
_aNazla _eRevisor |
||
| 942 |
_2ddc _cTH |
||
| 999 |
_c44788 _d44788 |
||